[Event "XIII Konik Morski Rewala - Open B"]
[Site "Rewal"]
[Date "2008.08.27"]
[Round "8"]
[White "Sokolowski, Krzysztof"]
[Black "Rosiak, Agata"]
[Result "1-0"]
[WhiteElo "2021"]
[BlackElo "1840"]
[PlyCount "51"]
[EventDate "2008.??.??"]

1. e4 c5 2. Nf3 d6 3. d4 cxd4 4. Nxd4 Nf6 5. Nc3 a6 6. Bc4 e6 7. Bb3 Nbd7 8.
O-O Nc5 9. Re1 Nxb3 10. axb3 Qc7 11. Qf3 Be7 12. Qg3 O-O 13. Bg5 Nh5 14. Qh4
Bxg5 15. Qxg5 Nf6 16. Re3 h6 17. Qh4 Qc5 18. e5 dxe5 19. Rg3 Kh8 20. Nf3 b5 21.
Re1 Bb7 22. Rxe5 Qd6 23. Reg5 Rad8 24. h3 g6 25. Qxh6+ Nh7 26. Rh5 1-0

[Event "XIII Konik Morski Rewala - Open B"]
[Site "Rewal"]
[Date "2008.08.27"]
[Round "8"]
[White "Malec, Sebastian"]
[Black "Witek, Pawel"]
[Result "1-0"]
[WhiteElo "1798"]
[BlackElo "1998"]
[PlyCount "121"]
[EventDate "2008.??.??"]

1. e4 e5 2. Nf3 Nf6 3. Nxe5 d6 4. Nf3 Nxe4 5. d4 d5 6. Bd3 Bg4 7. O-O Be7 8.
Qe1 Bxf3 9. gxf3 Nf6 10. Kh1 Nc6 11. c3 Qd7 12. Rg1 O-O-O 13. b4 Bd6 14. f4 Ne7
15. Be3 Ng6 16. Rg5 Nh4 17. Nd2 h6 18. Rg3 Nh5 19. Nb3 Nxg3+ 20. fxg3 Nf5 21.
Bf2 g5 22. Qb1 Ng7 23. f5 f6 24. a4 h5 25. Nc5 Bxc5 26. dxc5 d4 27. Bxd4 Rhf8
28. Be4 c6 29. b5 Rde8 30. bxc6 bxc6 31. Ra2 Rxe4 32. Rb2 Re1+ 33. Qxe1 Qd5+
34. Kg1 Nxf5 35. Qb1 Nxd4 36. Rb8+ Kd7 37. Rxf8 Nf3+ 38. Kf2 Qxc5+ 39. Kxf3
Qxf8 40. Qb7+ Kd6 41. Qxa7 f5 42. Qd4+ Kc7 43. a5 Qd6 44. Qxd6+ Kxd6 45. h4
gxh4 46. gxh4 Kc5 47. Kf4 Kb5 48. Kxf5 Kxa5 49. Kg5 Kb5 50. Kxh5 Kc4 51. Kg6
Kxc3 52. h5 Kd2 53. h6 c5 54. h7 c4 55. h8=Q c3 56. Qd4+ Kc2 57. Kf5 Kb3 58.
Qb6+ Ka2 59. Qa5+ Kb3 60. Qb5+ Ka3 61. Qc4 1-0

[Event "XIII Konik Morski Rewala - Open B"]
[Site "Rewal"]
[Date "2008.08.27"]
[Round "8"]
[White "Janicki, Jacek"]
[Black "Suwara, Piotr"]
[Result "1-0"]
[WhiteElo "1985"]
[BlackElo "1778"]
[PlyCount "32"]
[EventDate "2008.??.??"]

1. d4 Nf6 2. Nf3 g6 3. Bg5 Bg7 4. e3 O-O 5. Bxf6 Bxf6 6. h4 c5 7. c3 cxd4 8.
exd4 d5 9. Bd3 Nc6 10. Nbd2 Re8 11. O-O Bg4 12. Qc2 e5 13. dxe5 Nxe5 14. Nxe5
Rxe5 15. f4 Rh5 16. f5 Qb6+ 1-0

[Event "XIII Konik Morski Rewala - Open B"]
[Site "Rewal"]
[Date "2008.08.27"]
[Round "8"]
[White "Ni, Polina"]
[Black "Zadlo, Anna"]
[Result "1-0"]
[WhiteElo "1925"]
[BlackElo "1785"]
[PlyCount "113"]
[EventDate "2008.??.??"]

1. e4 c5 2. Nf3 e6 3. d4 cxd4 4. Nxd4 Qb6 5. Nb3 Qc7 6. Bd3 Nf6 7. Nc3 a6 8.
Qe2 d6 9. Be3 Nbd7 10. O-O-O b5 11. Qd2 Bb7 12. f3 Ne5 13. Qf2 Nfd7 14. Kb1 Bc6
15. Nd4 Be7 16. Nxc6 Qxc6 17. f4 Ng4 18. Qf3 Nxe3 19. Qxe3 Nc5 20. Rhe1 Rc8 21.
Rd2 h6 22. g3 Bf6 23. Nd5 Be7 24. Nxe7 Kxe7 25. Bf1 Na4 26. Qd4 g6 27. f5 e5
28. f6+ Kxf6 29. Qxd6+ Kg7 30. Qxe5+ Kh7 31. Bh3 Rhd8 32. Rf2 Rc7 33. Ref1 Kg8
34. Qf6 Rd6 35. Qh4 Kg7 36. e5 Rd5 37. Bg2 Qc5 38. Bxd5 Qxd5 39. Qf6+ Kh7 40.
Qd6 Qc4 41. Qxc7 Qxc7 42. Rxf7+ Qxf7 43. Rxf7+ Kg8 44. Ra7 Nc5 45. b4 Na4 46.
Rxa6 Nc3+ 47. Kb2 Nd5 48. Kb3 Kf7 49. Rd6 Ne3 50. Rb6 Ng4 51. Rxb5 Nxh2 52. a4
Nf1 53. a5 Nxg3 54. a6 h5 55. a7 h4 56. a8=Q Ke6 57. Qc8+ 1-0

[Event "XIII Konik Morski Rewala - Open B"]
[Site "Rewal"]
[Date "2008.08.27"]
[Round "8"]
[White "Wozniak, Bartosz"]
[Black "Glatty, Zbigniew"]
[Result "1-0"]
[WhiteElo "1737"]
[BlackElo "1903"]
[PlyCount "39"]
[EventDate "2008.??.??"]

1. e4 e5 2. Nf3 Nc6 3. d4 exd4 4. Bc4 Nf6 5. e5 d5 6. Bb5 Ne4 7. Nxd4 Bd7 8.
Bxc6 bxc6 9. O-O Be7 10. f3 Nc5 11. f4 O-O 12. f5 Bg5 13. Nc3 Bxc1 14. Qxc1 Qh4
15. Rf4 Qh6 16. Qe3 Rfe8 17. Rd1 Ne4 18. Nxe4 Rxe5 19. Nf6+ gxf6 20. Rg4+ 1-0

[Event "XIII Konik Morski Rewala - Open B"]
[Site "Rewal"]
[Date "2008.08.27"]
[Round "8"]
[White "Grochocinska, Urszula"]
[Black "Gasiorek, Dariusz"]
[Result "0-1"]
[WhiteElo "1665"]
[BlackElo "1876"]
[PlyCount "96"]
[EventDate "2008.??.??"]

1. e4 e5 2. Nf3 Nc6 3. d4 exd4 4. Nxd4 Qh4 5. Nb5 Qxe4+ 6. Qe2 Qxe2+ 7. Bxe2
Bb4+ 8. Bd2 Kd8 9. O-O Bxd2 10. Nxd2 a6 11. Nc3 d6 12. Rfe1 Nf6 13. Bc4 Nd4 14.
Rac1 Be6 15. Bxe6 Nxe6 16. Nde4 Nxe4 17. Nxe4 Kd7 18. Rcd1 Rae8 19. Re3 Re7 20.
Nc3 Nf4 21. Rxe7+ Kxe7 22. Re1+ Kd7 23. g3 Ng6 24. Nd5 c6 25. Nb6+ Kc7 26. Nc4
b5 27. Nd2 Kd7 28. Kg2 Re8 29. Rxe8 Kxe8 30. Ne4 Ke7 31. Kf3 f5 32. Nc3 Ke6 33.
b3 d5 34. Ne2 c5 35. Ke3 d4+ 36. Nxd4+ cxd4+ 37. Kxd4 Kd6 38. f4 Nf8 39. c4
Ne6+ 40. Kc3 Kc5 41. b4+ Kc6 42. c5 Kd5 43. Kd3 Nd4 44. h3 Nc6 45. a3 a5 46.
bxa5 Nxa5 47. g4 g6 48. Kc3 Kxc5 0-1

[Event "XIII Konik Morski Rewala - Open B"]
[Site "Rewal"]
[Date "2008.08.27"]
[Round "8"]
[White "Czaja, Roman"]
[Black "Statucki, Maciej"]
[Result "1-0"]
[WhiteElo "2115"]
[BlackElo "1568"]
[PlyCount "63"]
[EventDate "2008.??.??"]

1. d4 Nf6 2. c4 g6 3. Nc3 d5 4. cxd5 Nxd5 5. Na4 Bg7 6. e4 Nb6 7. Be3 O-O 8.
Nf3 Bg4 9. Nc5 Qc8 10. Qc2 N8d7 11. Nb3 Bxf3 12. gxf3 c6 13. f4 f5 14. h4 fxe4
15. Bh3 h5 16. Qxe4 Qe8 17. O-O-O e5 18. dxe5 Nf6 19. Qc2 Nfd5 20. Rd4 a5 21.
Rg1 Nb4 22. Qe4 N6d5 23. a3 Na2+ 24. Kc2 b5 25. Rxg6 b4 26. a4 Rb8 27. Qg2 Qe7
28. Rxc6 Nxe3+ 29. fxe3 Rfd8 30. Qg5 Qxg5 31. hxg5 Rxd4 32. exd4 1-0

[Event "XIII Konik Morski Rewala - Open B"]
[Site "Rewal"]
[Date "2008.08.27"]
[Round "8"]
[White "Zanin, Dario"]
[Black "Dubrawska, Greta"]
[Result "1/2-1/2"]
[WhiteElo "2000"]
[BlackElo "1568"]
[PlyCount "80"]
[EventDate "2008.??.??"]

1. e4 c6 2. d4 d5 3. e5 Bf5 4. Nc3 e6 5. g4 Bg6 6. Nge2 Nd7 7. h4 h6 8. Nf4 Bh7
9. Bd3 Bxd3 10. Qxd3 Ne7 11. Be3 Qc7 12. O-O-O O-O-O 13. Kb1 a6 14. Nce2 c5 15.
c4 cxd4 16. cxd5 Nxe5 17. Qxd4 Nxd5 18. Nxd5 Rxd5 19. Qe4 Rxd1+ 20. Rxd1 Nc6
21. Rc1 e5 22. Nc3 f6 23. Nd5 Qf7 24. Ba7 Qe6 25. Nb6+ Kc7 26. Rd1 Bd6 27. Nc4
Be7 28. Bb6+ Kc8 29. Ne3 Bd8 30. Bc5 Bc7 31. Nf5 g6 32. Nd6+ Bxd6 33. Rxd6 Qf7
34. Rxc6+ bxc6 35. Qxc6+ Qc7 36. Qa8+ Qb8 37. Qxa6+ Qb7 38. Qe6+ Qd7 39. Qa6+
Qb7 40. Qe6+ Qd7 1/2-1/2

[Event "XIII Konik Morski Rewala - Open B"]
[Site "Rewal"]
[Date "2008.08.27"]
[Round "8"]
[White "Misztal, Piotr"]
[Black "Major, Boguslaw"]
[Result "0-1"]
[WhiteElo "1806"]
[BlackElo "1845"]
[PlyCount "99"]
[EventDate "2008.??.??"]

1. e4 d6 2. d4 Nf6 3. Nc3 g6 4. f3 c6 5. Be3 Nbd7 6. Qd2 b5 7. d5 cxd5 8. Nxd5
a6 9. Ne2 Bb7 10. Nec3 Bg7 11. Be2 O-O 12. O-O-O Bxd5 13. Nxd5 Nxd5 14. exd5
Qc7 15. Bh6 Rfc8 16. Bxg7 Kxg7 17. h4 Ne5 18. h5 Nc4 19. Bxc4 Qxc4 20. hxg6
hxg6 21. Qh6+ Kf6 22. c3 Rh8 23. Qd2 b4 24. Rxh8 Rxh8 25. Qd4+ Qxd4 26. Rxd4
bxc3 27. bxc3 Rh2 28. Ra4 Rxg2 29. Rxa6 Rg3 30. Kd2 Rxf3 31. a4 g5 32. a5 Ke5
33. Ra7 Kxd5 34. Rxe7 f5 35. a6 Rf2+ 36. Ke3 Ra2 37. a7 Ra3 38. Rc7 Ke6 39. Kf3
d5 40. Kf2 Ke5 41. Kf3 g4+ 42. Kg3 d4 43. Rc5+ Ke6 44. a8=Q Rxa8 45. cxd4 Ra3+
46. Kg2 Rd3 47. Re5+ Kf6 48. Rd5 Kg5 49. Kf2 Kf4 50. Rd8 0-1

[Event "XIII Konik Morski Rewala - Open B"]
[Site "Rewal"]
[Date "2008.08.27"]
[Round "8"]
[White "Turcheniac, Mariya"]
[Black "Gora, Jan"]
[Result "1-0"]
[WhiteElo "2024"]
[BlackElo "1678"]
[PlyCount "141"]
[EventDate "2008.??.??"]

1. e4 c5 2. Nf3 Nc6 3. d4 cxd4 4. Nxd4 Nf6 5. Nc3 e5 6. Ndb5 d6 7. a4 a6 8. Na3
Be6 9. Be2 Nd4 10. O-O Rc8 11. Bd3 d5 12. exd5 Nxd5 13. Nxd5 Qxd5 14. Re1 f5
15. c3 Nb3 16. c4 Rxc4 17. Qxb3 Re4 18. Qd1 Qxd3 19. Bg5 Qxd1 20. Raxd1 Rxe1+
21. Rxe1 Bd6 22. Bf4 exf4 23. Rxe6+ Kd7 24. Re1 Bxa3 25. bxa3 Re8 26. Rb1 Kc6
27. Kf1 Re4 28. Rc1+ Kd6 29. Rb1 Re7 30. h4 g6 31. Rb4 Ke5 32. Ke2 Rd7 33. Rb6
Rd4 34. Rxb7 Rxa4 35. Rxh7 Rxa3 36. Rh6 f3+ 37. gxf3 Kf4 38. Rxg6 Ra2+ 39. Kf1
Kxf3 40. Rg3+ Ke4 41. Kg2 f4 42. Rg8 Ra5 43. f3+ Kd4 44. Rd8+ Rd5 45. Rf8 Ke3
46. Re8+ Kd3 47. Kh3 Rf5 48. Kg4 Rf7 49. Ra8 Ke3 50. Rxa6 Rg7+ 51. Kf5 Rh7 52.
Ra3+ Kd4 53. Kg5 Ke5 54. Ra5+ Ke6 55. h5 Rg7+ 56. Kxf4 Rf7+ 57. Kg4 Rg7+ 58.
Rg5 Rh7 59. Rg6+ Kf7 60. Kg5 Rh8 61. h6 Ra8 62. h7 Ra5+ 63. Kh6 Ra1 64. Rg7+
Kf6 65. Rg5 Rh1+ 66. Rh5 Rxh5+ 67. Kxh5 Kg7 68. h8=Q+ Kxh8 69. Kg6 Kg8 70. Kf6
Kf8 71. f4 1-0

[Event "XIII Konik Morski Rewala - Open B"]
[Site "Rewal"]
[Date "2008.08.27"]
[Round "8"]
[White "Delekta, Anna"]
[Black "Piotrowski, Arkadiusz"]
[Result "1-0"]
[WhiteElo "1706"]
[BlackElo "1955"]
[PlyCount "75"]
[EventDate "2008.??.??"]

1. e4 c6 2. d4 d5 3. e5 Bf5 4. g4 Bg6 5. f4 e6 6. Nf3 c5 7. c4 Be4 8. Bg2 Bxf3
9. Bxf3 Qh4+ 10. Kf1 Ne7 11. dxc5 Nbc6 12. Be3 O-O-O 13. Qe2 g5 14. Nd2 d4 15.
Bf2 Qh3+ 16. Bg2 d3 17. Bxh3 dxe2+ 18. Kxe2 gxf4 19. Ne4 Nxe5 20. Nd6+ Kb8 21.
Bh4 h5 22. Bf6 f3+ 23. Kf1 N5g6 24. Nxf7 Rd2 25. Nxh8 Nf4 26. Be5+ Kc8 27. Bxf4
Rxb2 28. gxh5 Nf5 29. Bxf5 exf5 30. Re1 Bxc5 31. Bg3 f4 32. Bh4 f2 33. Rd1 f3
34. Nf7 Re2 35. h6 Bb4 36. h7 Re1+ 37. Rxe1 fxe1=R+ 38. Bxe1 1-0

[Event "XIII Konik Morski Rewala - Open B"]
[Site "Rewal"]
[Date "2008.08.27"]
[Round "8"]
[White "Sieliwonik, Katarzyna"]
[Black "Zawada, Jozef"]
[Result "1/2-1/2"]
[WhiteElo "1676"]
[BlackElo "1878"]
[PlyCount "55"]
[EventDate "2008.??.??"]

1. e4 d6 2. d4 Nf6 3. Nc3 g6 4. Nf3 Bg7 5. Bc4 O-O 6. h3 Nxe4 7. Bxf7+ Rxf7 8.
Nxe4 h6 9. O-O Nd7 10. Qd3 Nf6 11. Ng3 g5 12. Bd2 Nh7 13. c3 Qf8 14. Nh2 e5 15.
Be3 d5 16. dxe5 c6 17. Bd4 Be6 18. Rae1 c5 19. Be3 b6 20. Qg6 Re8 21. Qd3 Qe7
22. f4 gxf4 23. Bxf4 Ref8 24. Nh5 Ng5 25. Bxg5 Rxf1+ 26. Nxf1 Rxf1+ 27. Qxf1
Qxg5 28. Nxg7 1/2-1/2

[Event "XIII Konik Morski Rewala - Open B"]
[Site "Rewal"]
[Date "2008.08.27"]
[Round "8"]
[White "Major, Katarzyna"]
[Black "Murawko, Katarzyna"]
[Result "1-0"]
[WhiteElo "1768"]
[BlackElo "1622"]
[PlyCount "89"]
[EventDate "2008.??.??"]

1. d4 Nf6 2. Bg5 e6 3. c4 Be7 4. Nc3 Nc6 5. e3 O-O 6. Nf3 h6 7. Bh4 b6 8. Bd3
Bb7 9. Rc1 Re8 10. Bb1 Nh7 11. Bg3 Bb4 12. O-O Bxc3 13. Rxc3 d6 14. a3 a5 15.
Qc2 Nf8 16. d5 Ne7 17. e4 e5 18. b4 axb4 19. axb4 Ba6 20. Rd1 Neg6 21. c5 Bb5
22. Qb2 Ba4 23. Bc2 b5 24. h3 Nd7 25. Ra1 Bxc2 26. Rxa8 Qxa8 27. Rxc2 Qa4 28.
cxd6 cxd6 29. Rc7 Nf6 30. Qb1 Ra8 31. Kh2 Qa2 32. Qd3 Qa4 33. Qb1 Qa2 34. Qe1
Ra4 35. Nh4 Qb3 36. Nf5 Qxb4 37. Qxb4 Rxb4 38. f3 Ne8 39. Rc8 Kf8 40. Nxd6 Ke7
41. Nxe8 Rc4 42. Rb8 b4 43. Nxg7 Kf6 44. Nf5 h5 45. Rb6+ 1-0

[Event "XIII Konik Morski Rewala - Open B"]
[Site "Rewal"]
[Date "2008.08.27"]
[Round "8"]
[White "Kuciapa, Andre"]
[Black "Ryszkiewicz, Anna"]
[Result "0-1"]
[WhiteElo "1887"]
[BlackElo "1719"]
[PlyCount "104"]
[EventDate "2008.??.??"]

1. e4 d6 2. d4 Nf6 3. Nc3 g6 4. Nf3 Bg7 5. Be2 O-O 6. O-O Nc6 7. h3 a6 8. Be3
e5 9. Qd2 Re8 10. Rad1 exd4 11. Nxd4 Nxd4 12. Bxd4 Nxe4 13. Nxe4 Rxe4 14. Bxg7
Kxg7 15. Bf3 Re8 16. c4 Qf6 17. b3 Rb8 18. Qd4 b6 19. Qxf6+ Kxf6 20. Rd4 Bb7
21. Bxb7 Rxb7 22. Rfd1 Re2 23. R1d2 Rxd2 24. Rxd2 b5 25. Rd4 h5 26. Rf4+ Ke6
27. f3 f5 28. Rd4 c5 29. Rd2 bxc4 30. bxc4 Rb1+ 31. Kf2 Rc1 32. Re2+ Kd7 33. g4
hxg4 34. hxg4 Rxc4 35. gxf5 gxf5 36. Ke3 Kc6 37. Kd3 Ra4 38. Rc2 Ra3+ 39. Ke2
d5 40. f4 d4 41. Rd2 Kd5 42. Kd1 Rf3 43. a4 Rxf4 44. a5 Rf1+ 45. Ke2 Ra1 46.
Kd3 c4+ 47. Ke2 Rxa5 48. Rb2 c3 49. Rb8 Ra2+ 50. Kd1 d3 51. Rd8+ Ke4 52. Re8+
Kf3 0-1

[Event "XIII Konik Morski Rewala - Open B"]
[Site "Rewal"]
[Date "2008.08.28"]
[Round "9"]
[White "Kumor, Lukasz"]
[Black "Grochulski, Grzegorz"]
[Result "1-0"]
[WhiteElo "2064"]
[BlackElo "1856"]
[PlyCount "101"]
[EventDate "2008.??.??"]

1. e4 Nf6 2. e5 Nd5 3. d4 d6 4. Nf3 g6 5. Be2 Bg7 6. O-O O-O 7. c4 Nb6 8. exd6
cxd6 9. Nc3 Nc6 10. Be3 Bg4 11. b3 d5 12. c5 Nc8 13. b4 a6 14. Rb1 b6 15. h3
Bxf3 16. Bxf3 e6 17. Qd2 N8e7 18. Rfc1 bxc5 19. bxc5 Nf5 20. Ne2 Qc7 21. g3
Nxe3 22. fxe3 Rab8 23. Qd3 Bh6 24. Kf2 Rxb1 25. Rxb1 Qa5 26. Rb6 Nb8 27. Qb3
Nd7 28. Rb7 Nf6 29. Nc3 Rc8 30. Qb4 Qxb4 31. Rxb4 Rc6 32. Rb8+ Bf8 33. Ke2 Kg7
34. Kd3 Nd7 35. Rb7 Nf6 36. Na4 Ne8 37. e4 Nf6 38. exd5 exd5 39. Nb6 Bxc5 40.
dxc5 Rxc5 41. Nd7 Ra5 42. Nxf6 Ra3+ 43. Rb3 Rxa2 44. Nxd5 Rh2 45. Nf4 Ra2 46.
Bd5 Ra5 47. Rb7 g5 48. Rxf7+ Kh6 49. Rf6+ Kg7 50. Nh5+ Kh8 51. Rf8# 1-0

[Event "XIII Konik Morski Rewala - Open B"]
[Site "Rewal"]
[Date "2008.08.28"]
[Round "9"]
[White "Pienkos, Slawomir"]
[Black "Solnicki, Michal"]
[Result "1-0"]
[WhiteElo "2026"]
[BlackElo "2010"]
[PlyCount "112"]
[EventDate "2008.??.??"]

1. d4 Nf6 2. c4 g6 3. Nc3 Bg7 4. e4 d6 5. f4 O-O 6. Bd3 c5 7. d5 e6 8. Nf3 exd5
9. cxd5 Re8 10. O-O a6 11. a4 Qa5 12. Bd2 c4 13. Bc2 Qc5+ 14. Kh1 Ng4 15. Qe1
Nd7 16. h3 Ngf6 17. Qh4 Rb8 18. f5 b5 19. axb5 axb5 20. Rae1 Ba6 21. fxg6 hxg6
22. Ng5 b4 23. Be3 Qc7 24. Ne2 c3 25. b3 Ne5 26. Rxf6 Bxf6 27. Qh7+ Kf8 28.
Ne6+ Rxe6 29. dxe6 Bxe2 30. Rxe2 Ke7 31. exf7 Rf8 32. Rf2 Rxf7 33. Qg8 Qd8 34.
Qxd8+ Kxd8 35. Kg1 Ke7 36. Kf1 Ke6 37. Ke2 Rf8 38. Bd4 Nd7 39. Bxf6 Rxf6 40.
Rxf6+ Kxf6 41. Kd3 Ne5+ 42. Kd4 Ke6 43. h4 Nc6+ 44. Ke3 Ke5 45. Bd3 Nd4 46. Bc4
Nc2+ 47. Ke2 Nd4+ 48. Ke3 Ne6 49. g3 Nc5 50. Bd5 c2 51. Kd2 Nxe4+ 52. Bxe4 Kxe4
53. Kxc2 Kf3 54. Kd3 Kxg3 55. Kc4 Kxh4 56. Kxb4 g5 1-0

[Event "XIII Konik Morski Rewala - Open B"]
[Site "Rewal"]
[Date "2008.08.28"]
[Round "9"]
[White "Czarnecki, Wojciech"]
[Black "Skwarnicki, Adam"]
[Result "1/2-1/2"]
[WhiteElo "2056"]
[BlackElo "2053"]
[PlyCount "70"]
[EventDate "2008.??.??"]

1. d4 e6 2. c4 f5 3. Nc3 Nf6 4. Nf3 Bb4 5. Qc2 b6 6. a3 Bxc3+ 7. Qxc3 Ne4 8.
Qc2 a5 9. e3 O-O 10. Be2 Bb7 11. O-O g5 12. Nd2 Qe8 13. f3 Nf6 14. b3 d6 15.
Bb2 c5 16. e4 f4 17. e5 dxe5 18. dxe5 Nh5 19. Bd3 Qf7 20. Rad1 Ra7 21. Be4 Nc6
22. Bxc6 Bxc6 23. Ne4 Bxe4 24. Qxe4 Rb8 25. a4 Ng7 26. g4 fxg3 27. hxg3 Nf5 28.
Kg2 Rd7 29. Rd3 Rbd8 30. Rfd1 Qe7 31. Bc3 h6 32. Be1 Qg7 33. g4 Rxd3 34. Rxd3
Rxd3 35. Qxd3 Nd4 1/2-1/2

[Event "XIII Konik Morski Rewala - Open B"]
[Site "Rewal"]
[Date "2008.08.28"]
[Round "9"]
[White "Wasik, Piotr"]
[Black "Czernicki, Bogdan"]
[Result "1-0"]
[WhiteElo "1973"]
[BlackElo "2032"]
[PlyCount "95"]
[EventDate "2008.??.??"]

1. c4 e5 2. e3 f5 3. Nc3 Nf6 4. g3 c6 5. Bg2 Bb4 6. Nf3 d6 7. Ne2 O-O 8. h4 Qe7
9. a3 Ba5 10. b4 Bc7 11. Bb2 Nbd7 12. Rc1 e4 13. Ng5 Ne5 14. Nf4 a5 15. d4 exd3
16. Nxd3 axb4 17. axb4 Ra2 18. Bxe5 dxe5 19. Qb3 Ra8 20. O-O h6 21. Nh3 Ne4 22.
Rfd1 g5 23. hxg5 hxg5 24. Kf1 g4 25. Ng1 Ng5 26. Nc5 e4 27. Ne2 Nf3 28. Nf4 Rf6
29. Ke2 Rh6 30. Rh1 Rxh1 31. Rxh1 Qf6 32. Nxe4 fxe4 33. c5+ Kf8 34. Rh8+ Qxh8
35. Ng6+ Kg7 36. Nxh8 Kxh8 37. Qf7 Be5 38. Bxf3 exf3+ 39. Kd3 Bg7 40. Ke4 Kh7
41. Kf4 Kh6 42. Qe8 Bc3 43. e4 Bd2+ 44. Ke5 Bxb4 45. Kf6 Bc3+ 46. e5 Bxe5+ 47.
Kxe5 b5 48. Qxc6+ 1-0

[Event "XIII Konik Morski Rewala - Open B"]
[Site "Rewal"]
[Date "2008.08.28"]
[Round "9"]
[White "Giemza, Joanna"]
[Black "Wojtaszewski, Piotr"]
[Result "1/2-1/2"]
[WhiteElo "2024"]
[BlackElo "1998"]
[PlyCount "144"]
[EventDate "2008.??.??"]

1. e4 c5 2. Nf3 d6 3. Bb5+ Bd7 4. Bxd7+ Nxd7 5. c4 g6 6. Nc3 Bg7 7. d4 cxd4 8.
Nxd4 Ngf6 9. f3 O-O 10. Be3 Ne5 11. b3 Nc6 12. O-O a6 13. Qd2 Qc7 14. Rac1 Nxd4
15. Bxd4 Rac8 16. Rfe1 e6 17. Red1 Rfd8 18. Na4 Nd7 19. Bxg7 Kxg7 20. Qxd6 Qxd6
21. Rxd6 b5 22. Rcd1 bxa4 23. Rxd7 Rxd7 24. Rxd7 axb3 25. axb3 Rb8 26. Rd3 Kf6
27. Kf2 a5 28. f4 Ke7 29. Ke3 Ra8 30. Kd4 Kd6 31. c5+ Kc6 32. Kc4 a4 33. b4 a3
34. Rd6+ Kc7 35. Rd1 a2 36. Ra1 Ra3 37. g3 Kc6 38. b5+ Kc7 39. Kb4 Ra8 40. Kb3
Ra5 41. Rxa2 Rxb5+ 42. Kc4 Rb7 43. Ra8 h5 44. Kd4 f6 45. Rg8 Rb4+ 46. Kd3 f5
47. exf5 gxf5 48. Rh8 Kc6 49. Rxh5 Kxc5 50. Rh6 Re4 51. h4 Kd6 52. Rg6 Ke7 53.
Kd2 Kf7 54. Rg5 Kf6 55. h5 Ra4 56. Kd3 Ra1 57. Rg6+ Kf7 58. Kd4 Rd1+ 59. Ke5
Re1+ 60. Kd6 Rd1+ 61. Kc5 Rc1+ 62. Kd4 Rd1+ 63. Ke3 Rh1 64. Rg5 Kf6 65. Kf2 Kf7
66. Kg2 Ra1 67. Rg6 Ra2+ 68. Kh3 Ra1 69. Kh4 Rg1 70. g4 Rh1+ 71. Kg3 fxg4 72.
Rxg4 Rxh5 1/2-1/2

[Event "XIII Konik Morski Rewala - Open B"]
[Site "Rewal"]
[Date "2008.08.28"]
[Round "9"]
[White "Markiewicz, Mateusz"]
[Black "Liberadzki, Slawomir"]
[Result "0-1"]
[WhiteElo "2013"]
[BlackElo "1969"]
[PlyCount "58"]
[EventDate "2008.??.??"]

1. e4 c5 2. Nf3 e6 3. d4 cxd4 4. Nxd4 Nc6 5. Nxc6 bxc6 6. e5 Qa5+ 7. Nc3 Qxe5+
8. Be3 Bc5 9. Qd2 Bxe3 10. fxe3 Nf6 11. O-O-O d5 12. e4 Nxe4 13. Nxe4 Qxe4 14.
Bd3 Qa4 15. Kb1 Ba6 16. Qg5 Bxd3 17. Rxd3 g6 18. Rf1 Qa5 19. Qf6 Rf8 20. Re3
Kd7 21. Qg7 Ke7 22. a3 Rab8 23. Ka1 Qd8 24. Qd4 Rb7 25. Qf6+ Kd7 26. Qxd8+ Kxd8
27. Ref3 f5 28. Rb3 Rxb3 29. cxb3 e5 0-1

[Event "XIII Konik Morski Rewala - Open B"]
[Site "Rewal"]
[Date "2008.08.28"]
[Round "9"]
[White "Chojnacka, Magdalena"]
[Black "Plicner, Adam"]
[Result "0-1"]
[WhiteElo "1876"]
[BlackElo "2060"]
[PlyCount "70"]
[EventDate "2008.??.??"]

1. e4 c5 2. Nf3 Nc6 3. d4 cxd4 4. Nxd4 g6 5. Nc3 Bg7 6. Be3 Nf6 7. f3 O-O 8.
Qd2 d5 9. Nxc6 bxc6 10. e5 Ne8 11. Bh6 Bxe5 12. Bxf8 Kxf8 13. Bd3 Rb8 14. f4
Bg7 15. Nd1 Qb6 16. h3 Nd6 17. Qf2 Bd4 18. Qh4 Nf5 19. Bxf5 Bxf5 20. c3 Bf6 21.
Qf2 Qa6 22. Ne3 d4 23. Nxf5 dxc3 24. Rd1 cxb2 25. Qe2 Qa5+ 26. Kf2 Qxf5 27. Rb1
Qxf4+ 28. Qf3 Qd2+ 29. Qe2 Bd4+ 30. Kf1 Qc1+ 31. Qe1 Qf4+ 32. Ke2 Qe3+ 33. Kd1
Qd3+ 34. Qd2 Qxb1+ 35. Ke2 Qe4+ 0-1

[Event "XIII Konik Morski Rewala - Open B"]
[Site "Rewal"]
[Date "2008.08.28"]
[Round "9"]
[White "Sokolowski, Krzysztof"]
[Black "Kulas, Szymon"]
[Result "1/2-1/2"]
[WhiteElo "2021"]
[BlackElo "1845"]
[PlyCount "75"]
[EventDate "2008.??.??"]

1. e4 c5 2. Nf3 d6 3. d4 cxd4 4. Nxd4 Nf6 5. Nc3 Nc6 6. Bc4 e5 7. Nb3 Be7 8.
Bg5 O-O 9. Qd2 a5 10. a4 Be6 11. Bxe6 fxe6 12. O-O Qb6 13. Be3 Qd8 14. f3 d5
15. Bf2 Rc8 16. Rad1 d4 17. Nb5 Qb6 18. c3 Rfd8 19. cxd4 exd4 20. e5 Nd5 21.
N3xd4 Nxd4 22. Bxd4 Bc5 23. Nd6 Rc7 24. Bxc5 Qxc5+ 25. Kh1 Ne3 26. Rc1 Qxe5 27.
Nc4 Rxd2 28. Nxe5 Rxc1 29. Rxc1 Kf8 30. b3 Ke7 31. g3 Kf6 32. Nc4 Nxc4 33. Rxc4
Rb2 34. Rc3 b6 35. h4 h6 36. f4 h5 37. Re3 g6 38. Kg1 1/2-1/2

[Event "XIII Konik Morski Rewala - Open B"]
[Site "Rewal"]
[Date "2008.08.28"]
[Round "9"]
[White "Hasinski, Krystian"]
[Black "Malec, Sebastian"]
[Result "1-0"]
[WhiteElo "1990"]
[BlackElo "1798"]
[PlyCount "91"]
[EventDate "2008.??.??"]

1. d4 d5 2. c4 e6 3. Nc3 c6 4. e3 Nf6 5. Bd3 Nbd7 6. Nf3 dxc4 7. Bxc4 b5 8. Bd3
Bb7 9. O-O a6 10. a3 c5 11. Qe2 Bd6 12. Rd1 O-O 13. e4 cxd4 14. Nxd4 Qc7 15. h3
Rac8 16. Be3 Qb8 17. Rac1 Nc5 18. Bg5 Nfd7 19. Bb1 h6 20. Be3 Nb6 21. Qg4 Kh8
22. Nf3 Nc4 23. Bd4 e5 24. Bxc5 Bxc5 25. Rc2 Rcd8 26. Rdc1 Rd6 27. Qh5 Rg6 28.
Nd5 Qd6 29. b3 Bxa3 30. bxc4 Bxc1 31. Rxc1 bxc4 32. Nxe5 Rg5 33. Nxf7+ Rxf7 34.
Qxf7 Bxd5 35. exd5 Qxd5 36. Qe8+ Qg8 37. Qxg8+ Kxg8 38. Rxc4 Kf8 39. Rc7 a5 40.
Ra7 Rc5 41. Bg6 Rg5 42. Be4 Rc5 43. Kh2 Re5 44. f3 Rg5 45. Rd7 a4 46. Ra7 1-0

[Event "XIII Konik Morski Rewala - Open B"]
[Site "Rewal"]
[Date "2008.08.28"]
[Round "9"]
[White "Suwara, Piotr"]
[Black "Botor, Michal"]
[Result "0-1"]
[WhiteElo "1778"]
[BlackElo "1948"]
[PlyCount "34"]
[EventDate "2008.??.??"]

1. e4 c5 2. Nf3 e6 3. d4 cxd4 4. Nxd4 Bc5 5. Nb3 Bb6 6. Nc3 Ne7 7. Bd3 O-O 8.
O-O f5 9. Bg5 fxe4 10. Bxe4 d5 11. Bf3 Nbc6 12. Qe2 Qe8 13. Bxe7 Qxe7 14. Rfe1
Qf6 15. Na4 Bc7 16. g3 Qxf3 17. Qd3 Qxd3 0-1

[Event "XIII Konik Morski Rewala - Open B"]
[Site "Rewal"]
[Date "2008.08.28"]
[Round "9"]
[White "Wozniak, Bartosz"]
[Black "Ni, Polina"]
[Result "1/2-1/2"]
[WhiteElo "1737"]
[BlackElo "1925"]
[PlyCount "27"]
[EventDate "2008.??.??"]

1. e4 Nf6 2. Nc3 d5 3. exd5 Nxd5 4. Bc4 c6 5. Bxd5 cxd5 6. d4 Nc6 7. Nf3 Bg4 8.
Be3 e6 9. O-O a6 10. h3 Bh5 11. Rb1 Bd6 12. Re1 O-O 13. a3 Rc8 14. Na2 1/2-1/2

[Event "XIII Konik Morski Rewala - Open B"]
[Site "Rewal"]
[Date "2008.08.28"]
[Round "9"]
[White "Gluszko, Monika"]
[Black "Poswiatowski, Michal"]
[Result "1/2-1/2"]
[WhiteElo "1848"]
[BlackElo "1775"]
[PlyCount "62"]
[EventDate "2008.??.??"]

1. e4 c5 2. Nf3 d6 3. d4 cxd4 4. Qxd4 a6 5. c4 Nc6 6. Qe3 g6 7. Nc3 Bh6 8. Qd3
Bg7 9. Be2 Nf6 10. O-O O-O 11. h3 Nd7 12. Be3 b6 13. Qd2 Re8 14. Bh6 Bh8 15.
Ng5 Nc5 16. f4 f6 17. f5 fxg5 18. fxg6 hxg6 19. Qxg5 Ne5 20. Bh5 Bf6 21. Qg3
Kh7 22. Bg5 gxh5 23. Bxf6 exf6 24. Qh4 Rf8 25. Nd5 Ncd7 26. Rf5 Kg7 27. Nf4 Kf7
28. Qxh5+ Ke7 29. Nd5+ Ke6 30. Nf4+ Ke7 31. Nd5+ Ke6 1/2-1/2